000 00508nam a2200181Ia 4500
005 20250508161651.0
008 008 250505s9999 xx 000 0 eng d
037 _aTextual
040 _aFEDL
_beng
_cFEDL
041 _aeng
_2eng
084 _a701.184, OAT
_qFEDL
100 _aOates Stanton C
_9771258
245 0 _aAudio visual equipment
260 _aDubuque, USA
_bWM C Brown Company Publishers
_c1968
300 _a202p.
942 _cTEXL
_h701.184, OAT
999 _c1371435
_d1371435